Bartleby / (Registro nro. 15606)
[ vista simple ]
| 000 -LEADER | |
|---|---|
| fixed length control field | 01146nam a22003137a 4500 |
| 003 - CONTROL NUMBER IDENTIFIER | |
| control field | OSt |
| 005 - DATE AND TIME OF LATEST TRANSACTION | |
| control field | 20250714103542.0 |
| 008 - FIXED-LENGTH DATA ELEMENTS--GENERAL INFORMATION | |
| fixed length control field | 210915b2007 ck ||||jr|||| 00| fdspa d |
| 020 ## - INTERNATIONAL STANDARD BOOK NUMBER | |
| International Standard Book Number | 9789588321226 |
| 040 ## - CATALOGING SOURCE | |
| Original cataloging agency | CO-JMCR |
| Transcribing agency | CO-JMCR |
| 041 0# - LANGUAGE CODE | |
| Language code of text/sound track or separate title | spa |
| 082 04 - DEWEY DECIMAL CLASSIFICATION NUMBER | |
| Classification number | J-N |
| Item number | MELb |
| Edition number | 23 |
| 100 1# - MAIN ENTRY--PERSONAL NAME | |
| Personal name | Melville, Herman, |
| Relator term | autor |
| 9 (RLIN) | 40490 |
| 245 10 - TITLE STATEMENT | |
| Title | Bartleby / |
| Statement of responsibility, etc. | Herman Melville ; traducción de María Candelaria Posada |
| 250 ## - EDITION STATEMENT | |
| Edition statement | Primera edición |
| 260 ## - PUBLICATION, DISTRIBUTION, ETC. | |
| Place of publication, distribution, etc. | Bogotá : |
| Name of publisher, distributor, etc. | Alcaldía Mayor de Bogotá : Secretaría Distrital de Cultura, Recreación y Deporte, |
| Date of publication, distribution, etc. | 2007 |
| 300 ## - PHYSICAL DESCRIPTION | |
| Extent | 76 páginas ; |
| Dimensions | 17 cm. |
| 490 0# - SERIES STATEMENT | |
| Series statement | Libro al viento ; |
| Volume/sequential designation | 35 |
| 500 ## - GENERAL NOTE | |
| General note | Incluye datos biográficos del autor. |
| 650 14 - SUBJECT ADDED ENTRY--TOPICAL TERM | |
| Topical term or geographic name entry element | Novela estadounidense |
| Chronological subdivision | Siglo xix |
| 9 (RLIN) | 40491 |
| 650 24 - SUBJECT ADDED ENTRY--TOPICAL TERM | |
| Topical term or geographic name entry element | Literatura estadounidense |
| Chronological subdivision | Siglo xix |
| 9 (RLIN) | 40492 |
| 650 24 - SUBJECT ADDED ENTRY--TOPICAL TERM | |
| Topical term or geographic name entry element | Sátira en la literatura |
| 9 (RLIN) | 40493 |
| 650 24 - SUBJECT ADDED ENTRY--TOPICAL TERM | |
| Topical term or geographic name entry element | Escribientes en la literatura |
| 9 (RLIN) | 40494 |
| 650 24 - SUBJECT ADDED ENTRY--TOPICAL TERM | |
| Topical term or geographic name entry element | Melancolía en la literatura |
| 9 (RLIN) | 40495 |
| 650 24 - SUBJECT ADDED ENTRY--TOPICAL TERM | |
| Topical term or geographic name entry element | Sentimientos en la literatura |
| 9 (RLIN) | 40496 |
| 650 24 - SUBJECT ADDED ENTRY--TOPICAL TERM | |
| Topical term or geographic name entry element | Viajes en la literatura |
| 9 (RLIN) | 10007 |
| 700 1# - ADDED ENTRY--PERSONAL NAME | |
| Personal name | Posada, María Candelaria, |
| Relator term | traductora |
| 9 (RLIN) | 40388 |
| 942 ## - ADDED ENTRY ELEMENTS (KOHA) | |
| Source of classification or shelving scheme | Dewey Decimal Classification |
| Koha item type | Books |
| Withdrawn status | Lost status | Source of classification or shelving scheme | Damaged status | Not for loan | Collection code | Home library | Current library | Date acquired | Source of acquisition | Total Checkouts | Full call number | Barcode | Date last seen | Copy number | Price effective from | Koha item type | Date last checked out |
|---|---|---|---|---|---|---|---|---|---|---|---|---|---|---|---|---|---|
| Dewey Decimal Classification | Fiction | Biblioteca Pública José María del Castillo y Rada | Biblioteca Pública José María del Castillo y Rada | 08/04/2021 | Donación | J-N MELb | 201811070 | 09/15/2021 | Ej.1 | 09/15/2021 | Books | ||||||
| Dewey Decimal Classification | Fiction | Biblioteca Pública José María del Castillo y Rada | Biblioteca Pública José María del Castillo y Rada | 08/04/2021 | Donación | 2 | J-N MELb | 201811368 | 09/08/2025 | Ej.2 | 11/17/2021 | Books | 09/05/2025 |